La prohibicin̤ testamentaria de dividir la herencia en el cd̤igo civil

Detalles Bibliográficos
Autor principal: Martn̕ Briceǫ, Mara̕ Rosario
Formato: Desconocido
Lenguaje:español
Publicado: Madrid : Dykinson, 2008
Materias:
Acceso en línea:Acceso restringido

MARC

LEADER 00000ny a22000003n 4500
003 CaPaEBR
005 20110519114446.0
006 m u
007 cr cn|||||||||
008 200903r2008 sp |||||s|||||||||||spa d
020 |a 9788498492552 
035 |a 2768 
040 |a FlNmELB  |c FlNmELB  |d vLex 
050 1 4 |a KKT797  |b M379eb 
080 |a 347.66(460) 
082 0 4 |a 346.052  |2 22 
090 |c 34  |d 34 
100 1 |a Martn̕ Briceǫ, Mara̕ Rosario 
245 1 3 |a La prohibicin̤ testamentaria de dividir la herencia en el cd̤igo civil  |h [Recurso electrn̤ico]  |c Mara̕ Rosario Martn̕ Briceǫ 
256 |a Servicio en ln̕ea 
260 |a Madrid :  |b Dykinson,  |c 2008 
300 |a 392 p. 
506 1 |a Contenido solo disponible en los productos indicados  |d vLex Global  |d vLex Global (Academic Edition, excluding Law Schools)  |d vLex Global (U.S. Academic Edition, Law Schools)  |d vLex Global (U.S. Academic Edition, excluding Law Schools)  |d vLex Global (Academic Edition, Law Schools) 
650 0 7 |a Derecho sucesorio  |2 Tesauro vLex 
650 0 7 |a Prohibiciones sucesorias  |2 Tesauro vLex 
650 0 7 |a Prohibicin̤ impuesta al testador  |2 Tesauro vLex 
740 0 |a vLex Libros (Servicios en ln̕ea) 
856 4 0 |u http://vlex.com/source/2768  |z Acceso restringido 
942 |c BOOK 
999 7 |a Inheritance and succession  |z Spain 
999 7 |a Partition of decedents' estates  |z Spain.